| 000 | 00402nam a2200145Ia 4500 | ||
|---|---|---|---|
| 008 | 220204s9999 xx 000 0 und d | ||
| 082 |
_a631.4 _bGUS |
||
| 100 | _aGUSTAFSON, A F | ||
| 245 | 0 | _aSoils and soil management | |
| 260 |
_aNew York _bMcGraw Hill _c1941 |
||
| 490 | _aMcGraw hill publications in the agricultural sciences | ||
| 650 | _aCommercial fertilizers | ||
| 650 | _aSoils | ||
| 942 | _cBK | ||
| 999 |
_c19396 _d19396 |
||